000 00378nam a22001337a 4500
999 _c160848
_d160848
082 _a
_b
100 _aElisee Reclus
245 _aWorld encyclopedia of nations and nationalities:
_buniversal geography with illustration and maps (v.10)(p.1)/
_cby Elisee Reclus.
260 _aNew Delhi:
_bDiscovery,
_c1992.
300 _a246p.
650 _a
700 _a
942 _cBK